[Event "Chigorin Memorial Blitz 30th"]
[Site "St Petersburg"]
[Date "2023.10.20"]
[Round "5"]
[White "Filippov, Kirill P"]
[Black "Zakhartsov, Vladimir"]
[Result "0-1"]
[WhiteElo "2066"]
[BlackElo "2523"]
[PlyCount "59"]
[EventDate "2023.10.20"]
[EventType "swiss (blitz)"]
[EventRounds "11"]
[EventCountry "RUS"]
[SourceTitle "Mega2024 Update 01"]
[Source "Chessbase"]
[SourceDate "2023.11.12"]
[SourceVersion "1"]
[SourceVersionDate "2023.11.12"]
[SourceQuality "1"]

1. e4 c5 2. Nf3 Nc6 3. d4 cxd4 4. Nxd4 g6 5. c4 Nf6 6. Nc3 d6 7. Be2 Nxd4 8. Qxd4 Bg7 9. 0-0 0-0 10. Qd1 a5 11. Be3 a4 12. Rc1 Qa5 13. Bd4 Be6 14. f3 Rfc8 15. Nb5 Bd7 16. Kh1 Bxb5 17. cxb5 Nd7 18. Bxg7 Kxg7 19. Qd4+ Kg8 20. h4 a3 21. b4 Qb6 22. Qxb6 Nxb6 23. Kg1 Na4 24. Bc4 e6 25. Kf2 Nb2 26. Be2 d5 27. exd5 exd5 28. Ke3 Re8+ 29. Kd2 Re6 30. Rfe1 0-1

[Event "Chigorin Memorial Blitz 30th"]
[Site "St Petersburg"]
[Date "2023.10.20"]
[Round "6"]
[White "Grebnev, Aleksey"]
[Black "Filippov, Kirill P"]
[Result "0-1"]
[WhiteElo "2492"]
[BlackElo "2066"]
[PlyCount "66"]
[EventDate "2023.10.20"]
[EventType "swiss (blitz)"]
[EventRounds "11"]
[EventCountry "RUS"]
[SourceTitle "Mega2024 Update 01"]
[Source "Chessbase"]
[SourceDate "2023.11.12"]
[SourceVersion "1"]
[SourceVersionDate "2023.11.12"]
[SourceQuality "1"]

1. d4 Nf6 2. c4 e6 3. Nc3 Bb4 4. e3 0-0 5. Bd2 b6 6. Nf3 Bb7 7. Bd3 c5 8. a3 Bxc3 9. Bxc3 Ne4 10. Bxe4 Bxe4 11. dxc5 bxc5 12. Qd6 Nc6 13. Qxc5 d6 14. Qh5 Bg6 15. Qg4 f5 16. Qg3 e5 17. 0-0 Qe7 18. Nd2 a5 19. Qf3 Rac8 20. Rac1 Kh8 21. Qh3 a4 22. Qf3 f4 23. exf4 Rxf4 24. Qd1 Nd4 25. f3 Rcf8 26. Rf2 Qg5 27. Kh1 Rh4 28. Qg1 Nf5 29. Ne4 Rxe4 30. fxe4 Ng3+ 31. hxg3 Qh6+ 32. Qh2 Qxc1+ 33. Qg1 Qh6+ 0-1

[Event "Chigorin Memorial 28th"]
[Site "St Petersburg"]
[Date "2021.10.26"]
[Round "4"]
[White "Matskevich, Varvara"]
[Black "Filippov, Kirill P"]
[Result "1-0"]
[WhiteElo "1293"]
[BlackElo "1704"]
[PlyCount "62"]
[EventDate "2021.10.23"]
[EventType "swiss"]
[EventRounds "9"]
[EventCountry "RUS"]
[SourceTitle "EXT 2023"]
[Source "ChessBase"]
[SourceDate "2022.10.05"]
[SourceVersion "1"]
[SourceVersionDate "2022.10.05"]
[SourceQuality "1"]

1. e4 c5 2. Nf3 d6 3. d4 cxd4 4. Nxd4 Nf6 5. Nc3 Nc6 6. Bg5 e6 7. Be2 h6 8. Be3 a6 9. a4 Be7 10. 0-0 0-0 11. f4 d5 12. e5 Nd7 13. Bf3 Bc5 14. Nce2 Qb6 15. b3 f6 16. Bf2 Nxd4 17. Nxd4 fxe5 18. a5 Qd6 19. Nxe6 Bxf2+ 20. Rxf2 Rf6 21. Bxd5 Kh8 22. fxe5 Nxe5 23. Rxf6 gxf6 24. Nf4 Qc5+ 25. Kh1 Ng4 26. Qe2 Bd7 27. Rf1 Re8 28. Qd2 Bf5 29. c4 Ne3 30. Re1 Qa3 31. Qc3 Re5 1-0

[Event "Chigorin Memorial 28th"]
[Site "St Petersburg"]
[Date "2021.10.25"]
[Round "3"]
[White "Filippov, Kirill P"]
[Black "Nikitinyh, Boris Aleksandrovic"]
[Result "0-1"]
[WhiteElo "1704"]
[BlackElo "1958"]
[PlyCount "106"]
[EventDate "2021.10.23"]
[EventType "swiss"]
[EventRounds "9"]
[EventCountry "RUS"]
[SourceTitle "EXT 2023"]
[Source "ChessBase"]
[SourceDate "2022.10.05"]
[SourceVersion "1"]
[SourceVersionDate "2022.10.05"]
[SourceQuality "1"]

1. e4 e5 2. Nf3 d6 3. d4 exd4 4. Nxd4 Nf6 5. Nc3 g6 6. f3 Bg7 7. Be3 0-0 8. Qd2 Nc6 9. 0-0-0 Re8 10. Kb1 a6 11. g4 Ne5 12. Be2 b5 13. g5 Nh5 14. f4 Nc4 15. Qc1 Nxe3 16. Qxe3 c5 17. Nb3 Bxc3 18. bxc3 Qe7 19. Bxh5 gxh5 20. Rhe1 Bf5 21. Qf2 Bxe4 22. Qh4 Rad8 23. Qxh5 Qb7 24. Qh4 c4 25. Na5 Qc7 26. Rd4 d5 27. Nc6 Qxc6 28. Rexe4 dxe4 29. g6 hxg6 30. Rxd8 e3 31. Qe7 Rxd8 32. Qxd8+ Kh7 33. f5 gxf5 34. Qg5 Qe6 35. Qh4+ Kg7 36. Qg5+ Kf8 37. Qd8+ Qe8 38. Qf6 e2 39. Qh8+ Ke7 40. Qe5+ Kd7 41. Qd5+ Kc7 42. Qc5+ Kb7 43. Qd5+ Qc6 44. Qxf7+ Kb6 45. Qe7 Qh1+ 46. Kb2 e1Q 47. Qd8+ Kc6 48. Qa8+ Kc7 49. Qa7+ Qb7 50. Qc5+ Kd7 51. Qd4+ Ke6 52. Qh8 Qe5 53. Qe8+ Kd6 0-1